=LDR 00000nam 2200000 4500 =001 000730 =005 20250711035557 =035 ##$$a 0010-0725000598 =007 ta =008 250711################a##########0#ind## =020 ##$$a 978-623-307-518-3 =082 ##$$a 398.209 598 =084 ##$$a 398.209 598 CHE b =100 #$$a Cheh komar =245 1#$$a Berhitung sederhana /$c Komar rien komar cheh =250 ##$$a Cetakan pertama =260 ##$$a Rawamangun :$b Badan pengembangan dan pusat bahasa,$c 2022 =300 ##$$a 14 hlm. : $b Ilus. ; $c 22,9 cm. =650 #4$$a Cerita anak indonesia-terjemahan =650 #4$$a Literasi-bahan bacaan =990 ##$$a TBM05060506